Príprava biopalív katalytickou konverziou lignínov
Saved in:
| Main Author: | |
|---|---|
| Other Authors: | |
| Format: | Manuscript Book |
| Language: | Slovak |
| Published: |
2016
|
| Subjects: | |
| Online Access: | http://is.stuba.sk/zp/portal_zp.pl?podrobnosti=101808 |
| Tags: |
No Tags, Be the first to tag this record!
|
MARC
| LEADER | 00000ntm a22000003a 4500 | ||
|---|---|---|---|
| 001 | stuzp51861 | ||
| 003 | SK-STU | ||
| 005 | 20160719154004.4 | ||
| 007 | ta | ||
| 008 | 150427s2015----xo-----f-mn---000-0-slo-d | ||
| 040 | |a STU |b slo | ||
| 041 | 0 | |a slo | |
| 100 | 1 | |a Lisý, Anton |u 049380 |4 aut |U FCHPT Ústav prírodných a syntetických polymérov |T FCHPT Oddelenie dreva, celulózy a papiera |X 61256 |U C9380 |Y 129 |7 61256 | |
| 242 | 0 | 1 | |a Preparation of Biofuels by Catalytic Conversion of Lignin |y eng |
| 245 | 1 | 0 | |a Príprava biopalív katalytickou konverziou lignínov |
| 260 | |c 2016 | ||
| 650 | 4 | |a lignín |2 slo | |
| 650 | 4 | |a katalyzátor |2 slo | |
| 650 | 4 | |a biopalivá |2 slo | |
| 650 | 4 | |a catalyst |2 eng | |
| 650 | 4 | |a biofuels |2 eng | |
| 650 | 4 | |a lignin |2 eng | |
| 700 | 1 | |a Ház, Aleš |u 049380 |k Z2 |4 ths |U FCHPT Ústav prírodných a syntetických polymérov |T FCHPT Oddelenie dreva, celulózy a papiera |X 22008 |U C9380 |Y 129 |7 A000022008 | |
| 856 | 4 | |u http://is.stuba.sk/zp/portal_zp.pl?podrobnosti=101808 | |
| SQL | |a stuzp51861 |b DBP |c SLO |d Príprava biopalív katalytickou konverziou lignínov |e 61256 |f Lisý, Anton |g 049380 |h 22008 |i Ház, Aleš |j 20160712 |k 753 |l 04 |m http://is.stuba.sk/zp/portal_zp.pl?podrobnosti=101808 |n B-CHEMAT |o 4.1.14. chémia, 5.2.18. chemické technológie | ||